| 000 | 00930naa a2200205 i 4500 | ||
|---|---|---|---|
| 001 | 8901 | ||
| 003 | KOSZ 005 | ||
| 005 | 20180310124943.0 | ||
| 008 | 140903s2011 pl f |100 0 pol | ||
| 040 |
_cBPK _dKOSZ 005/EG |
||
| 041 | _apol | ||
| 044 | _aPOL | ||
| 080 | _a621.01 | ||
| 100 | 1 |
_aBUDNIAK, Zbigniew. _d1996 - . _bPolitechnika Koszalińska - Wydział Mechaniczny, _cKatedra Inżynierii Mechanicznej |
|
| 245 | 1 | 0 |
_aProblemy modelowania i analizy przestrzennych mechanizmów 4R / _cZbigniew Budniak, Tadeusz Bil. |
| 650 | 0 | _aKonstrukcja maszyn. | |
| 700 | 1 |
_aBIL, Tadeusz. _bPolitechnika Koszalińska - Wydział Mechaniczny, _cKatedra Inżynierii Spożywczej i Tworzyw Sztucznych _d1996 - . |
|
| 773 | 0 |
_iW : _tPodstawy konstrukcji maszyn : kierunki badań i rozwoju. T. 1/3 / [red. nauk. Michał Wasilczuk]. - _dGdańsk : Politechnika Gdańska. Wydział Mechaniczny, 2011. - _gs. 92-100 |
|
| 942 |
_cROZ _2UKD |
||
| 999 |
_c8901 _d8901 |
||